000 00608nam a22002177a 4500
005 20260122165237.0
008 260122b |||||||| |||| 00| 0 eng d
020 _a9788197982200
_c995.00
040 _aMAIN
041 _aEnglish
082 _a333.7
_bSEN
100 _aSengar, R.S.
_921074
245 _aEnvironmental Sciences
_b: Questions Bank Previous Year Papers and Practice Sets
260 _aNew Delhi
_bCBS
_c2026
300 _a745
650 _aEnvironment Science
_9310
700 _aAmit, Kumar
_926025
700 _aGupta, Shalini
_926026
700 _aSharma, Garima
_926027
942 _cBK
999 _c60071
_d60071